000
002780000a22000970004500
100
1
_a
Bonilla A., Plutarco
245
1
0
_a
Martín Lutero, el hombre de la Biblia (1983-1546)
300
_a
Vol. 51, Núm 225 (1996), Páginas 8-10
773
0
_t
La Biblia de las Américas
942
_c
ANA
999
_c
51436
_d
51436